000 00362 a2200169 4500
001 175423
020 _a85-16-01146-1
040 _cMagnum
100 _aMurgel Branco, Samuel
240 1 0 _aEvolução das espécies
_lpor
245 1 0 _aEvolução das espécies
300 _a72
362 0 _a1994
440 1 _aModerna
697 _aBIOLOGIA
942 _cBK
999 _c175423
_d175423